[Event "Mexico City Revolucion op"]
[Site "Mexico City"]
[Date "2024.11.14"]
[Round "3"]
[White "Acevedo Vargas, Alonso Gabriel"]
[Black "Ocampo Vargas, Raul"]
[Result "0-1"]
[WhiteElo "1737"]
[BlackElo "2003"]
[PlyCount "118"]
[EventDate "2024.11.13"]
[EventType "swiss"]
[EventRounds "9"]
[EventCountry "MEX"]
[SourceTitle "CB47_2024"]
[SourceDate "2024.11.20"]
[SourceVersion "1"]
[SourceVersionDate "2024.11.20"]
[SourceQuality "1"]

1. e4 c5 2. Nf3 g6 3. d4 cxd4 4. Qxd4 Nf6 5. Bc4 Nc6 6. Qd3 Bg7 7. 0-0 0-0 8. Nc3 d6 9. Be3 Ng4 10. Rad1 Nxe3 11. Qxe3 Bg4 12. h3 Bxf3 13. Qxf3 Ne5 14. Qe2 Nxc4 15. Qxc4 Rc8 16. Qb3 Bxc3 17. bxc3 Qa5 18. Qxb7 Rc7 19. Qd5 Rc5 20. Qb7 Rc7 21. Qd5 Qxc3 22. Rd2 Rb8 23. Qd3 Rb2 24. Qxc3 Rxc3 25. e5 Rcxc2 26. Rxc2 Rxc2 27. exd6 exd6 28. Rd1 Rc6 29. Rd2 Kf8 30. Re2 Rc5 31. f3 Re5 32. Rb2 Ra5 33. Kf2 Ke7 34. Ke3 Ke6 35. Kd4 Rd5+ 36. Ke4 h5 37. h4 Ra5 38. g3 Ra4+ 39. Kd3 Ra3+ 40. Ke4 f6 41. Re2 Ra4+ 42. Kd3+ Kd5 43. Rd2 Rd4+ 44. Ke2 Rxd2+ 45. Kxd2 Kd4 46. a4 a5 47. Ke2 d5 48. Kd2 f5 49. Ke2 Kc3 50. Ke3 d4+ 51. Kf4 d3 52. Kg5 d2 53. Kxg6 d1Q 54. Kxf5 Qxf3+ 55. Kg5 Kd4 56. Kh6 Qg4 57. Kh7 Ke5 58. Kh6 Kf6 59. Kh7 Qg7# 0-1

[Event "Mexico City Revolucion op"]
[Site "Mexico City"]
[Date "2024.11.13"]
[Round "1"]
[White "Guevara Ruiz, Santiago Jose"]
[Black "Acevedo Vargas, Alonso Gabriel"]
[Result "1-0"]
[WhiteElo "2155"]
[BlackElo "1737"]
[PlyCount "67"]
[EventDate "2024.11.13"]
[EventType "swiss"]
[EventRounds "9"]
[EventCountry "MEX"]
[SourceTitle "CB47_2024"]
[SourceDate "2024.11.20"]
[SourceVersion "1"]
[SourceVersionDate "2024.11.20"]
[SourceQuality "1"]

1. e4 c5 2. Nf3 d6 3. d4 cxd4 4. Nxd4 Nf6 5. Nc3 Nc6 6. Bg5 e6 7. Be2 Be7 8. 0-0 0-0 9. Nb3 d5 10. exd5 Nxd5 11. Bxe7 Ncxe7 12. Nxd5 Nxd5 13. c4 Nf4 14. Bf3 Qc7 15. Qd4 b6 16. Qe3 Rb8 17. Rac1 Bb7 18. Bxb7 Rxb7 19. c5 Nd5 20. Qd3 bxc5 21. Nxc5 Nf4 22. Qf3 Rxb2 23. Nd3 Ne2+ 24. Qxe2 Rxe2 25. Rxc7 Rxa2 26. g3 g6 27. Rb1 Rd8 28. Ne5 Rdd2 29. Rxf7 Rd8 30. Rbb7 a5 31. Rg7+ Kh8 32. Rxh7+ Kg8 33. Rhg7+ Kh8 34. Nxg6# 1-0